000 00377nam a2200145Ia 4500
008 231129s2010||||xx |||||||||||||| ||spa||
020 _a978-958-704-959-6
040 _bspa
082 _aCo863 Z94t
100 _aZuleta Ortiz José
245 0 _aTodos somos amigos de lo ajeno
260 _c2010
264 _aAlfaguara
942 _2ddc
_cBKS
999 _c25485
_d25485